[Event "DEM U18 2022"]
[Site "Willingen GER"]
[Date "2022.06.11"]
[Round "9"]
[White "Weihrauch, Jakob"]
[Black "Hinrichs, Paul"]
[Result "1/2-1/2"]
[Termination "normal"]
[Board "7"]
[WhiteElo "2151"]
[BlackElo "2225"]
[WhiteClock "00:04:13"]
[BlackClock "00:24:03"]
[PlyCount "155"]
[WhiteFideId "16210115"]
[BlackFideId "12942545"]
[EventCountry "GER"]
[EventRounds "9"]
[EventType "swiss"]
[EventDate "2022.06.04"]

1. e4 {[%clk 1:30:59]} e5 {[%clk 1:30:56]} 2. Nf3 {[%clk 1:31:20]} Nc6 {[%clk
1:31:22]} 3. Bb5 {[%clk 1:31:39]} a6 {[%clk 1:31:46]} 4. Ba4 {[%clk 1:32:05]}
Nf6 {[%clk 1:32:07]} 5. O-O {[%clk 1:32:26]} Be7 {[%clk 1:32:31]} 6. Re1 {[%clk
1:32:43]} b5 {[%clk 1:32:56]} 7. Bb3 {[%clk 1:33:09]} d6 {[%clk 1:33:07]} 8. c3
{[%clk 1:33:30]} O-O {[%clk 1:33:27]} 9. h3 {[%clk 1:33:53]} Bb7 {[%clk
1:33:45]} 10. d4 {[%clk 1:33:46]} Re8 {[%clk 1:34:09]} 11. Nbd2 {[%clk
1:33:51]} Bf8 {[%clk 1:34:27]} 12. a4 {[%clk 1:29:33]} h6 {[%clk 1:34:40]} 13.
Bc2 {[%clk 1:21:51]} exd4 {[%clk 1:34:37]} 14. cxd4 {[%clk 1:22:16]} Nb4 {[%clk
1:35:04]} 15. Bb1 {[%clk 1:22:41]} c5 {[%clk 1:35:32]} 16. d5 {[%clk 1:23:07]}
Nd7 {[%clk 1:35:58]} 17. Ra3 {[%clk 1:23:25]} c4 {[%clk 1:36:14]} 18. Nd4
{[%clk 1:13:02]} Qf6 {[%clk 1:36:37]} 19. N2f3 {[%clk 1:09:47]} Nc5 {[%clk
1:36:45]} 20. b3 {[%clk 1:02:27]} Nbd3 {[%clk 1:25:51]} 21. Bxd3 {[%clk
0:58:50]} Nxd3 {[%clk 1:10:35]} 22. Re3 {[%clk 0:49:31]} b4 {[%clk 1:10:32]}
23. Ra1 {[%clk 0:40:55]} Nc5 24. bxc4 {[%clk 0:35:03]} Rxe4 {[%clk 1:09:45]}
25. Rxe4 {[%clk 0:31:08]} Nxe4 {[%clk 1:10:10]} 26. Qe1 {[%clk 0:30:48]} Nc3
{[%clk 1:10:32]} 27. Bb2 {[%clk 0:26:06]} Rc8 {[%clk 1:10:42]} 28. Bxc3 {[%clk
0:23:41]} bxc3 {[%clk 1:10:27]} 29. Qb1 {[%clk 0:18:20]} Ba8 {[%clk 1:01:40]}
30. Qd3 {[%clk 0:15:30]} g6 {[%clk 0:53:06]} 31. Rc1 {[%clk 0:14:03]} Qd8
{[%clk 0:53:02]} 32. Ne2 {[%clk 0:07:57]} Qc7 {[%clk 0:49:56]} 33. Rxc3 {[%clk
0:08:08]} Bg7 {[%clk 0:49:26]} 34. Rc1 {[%clk 0:07:36]} Qa5 {[%clk 0:47:44]}
35. Qb3 {[%clk 0:07:38]} Bf6 {[%clk 0:45:12]} 36. Rb1 {[%clk 0:07:42]} Kg7
{[%clk 0:44:25]} 37. Kf1 {[%clk 0:03:51]} Re8 {[%clk 0:33:54]} 38. Qc2 {[%clk
0:02:09]} Qc7 {[%clk 0:32:29]} 39. Qb3 {[%clk 0:01:51]} Re7 {[%clk 0:24:15]}
40. Qb4 {[%clk 0:01:22]} Qc8 {[%clk 0:18:16]} 41. Rc1 {[%clk 0:26:07]} Rc7
{[%clk 0:48:01]} 42. Nf4 {[%clk 0:19:07]} Rc5 {[%clk 0:44:09]} 43. Nd3 {[%clk
0:18:30]} a5 {[%clk 0:44:25]} 44. Qb3 {[%clk 0:16:48]} Rc7 {[%clk 0:44:47]} 45.
Qb5 {[%clk 0:13:27]} Bb7 {[%clk 0:38:44]} 46. Kg1 {[%clk 0:08:54]} Ba6 {[%clk
0:37:55]} 47. Qxa5 {[%clk 0:09:20]} Rxc4 {[%clk 0:38:19]} 48. Rxc4 {[%clk
0:07:23]} Qxc4 {[%clk 0:38:38]} 49. Nfe1 {[%clk 0:05:35]} Bb7 {[%clk 0:36:53]}
50. Qb5 {[%clk 0:04:26]} Bxd5 {[%clk 0:37:10]} 51. Qxc4 {[%clk 0:03:44]} Bxc4
{[%clk 0:37:35]} 52. Nb4 {[%clk 0:03:21]} Bc3 {[%clk 0:29:28]} 53. Ned3 {[%clk
0:03:45]} Kf8 {[%clk 0:29:17]} 54. a5 {[%clk 0:02:42]} Bxd3 {[%clk 0:29:32]}
55. Nxd3 {[%clk 0:03:08]} Bxa5 {[%clk 0:29:59]} 56. Kf1 {[%clk 0:03:34]} Ke7
{[%clk 0:30:09]} 57. Ke2 {[%clk 0:04:03]} Ke6 {[%clk 0:30:11]} 58. Nf4+ {[%clk
0:04:28]} Ke5 {[%clk 0:30:25]} 59. Nd3+ {[%clk 0:04:57]} Kd4 {[%clk 0:30:33]}
60. Nf4 {[%clk 0:04:40]} Bb4 {[%clk 0:28:03]} 61. Nd3 {[%clk 0:05:03]} Bc5
{[%clk 0:28:25]} 62. Nf4 {[%clk 0:04:47]} d5 {[%clk 0:28:47]} 63. Nd3 {[%clk
0:04:55]} Bd6 {[%clk 0:29:12]} 64. Kd2 {[%clk 0:05:16]} h5 {[%clk 0:29:11]} 65.
Kc2 {[%clk 0:04:48]} g5 {[%clk 0:28:46]} 66. Kd2 {[%clk 0:03:51]} Bc7 {[%clk
0:28:34]} 67. Ke2 {[%clk 0:03:22]} f5 {[%clk 0:28:25]} 68. Kd2 {[%clk 0:01:51]}
h4 {[%clk 0:27:56]} 69. f3 {[%clk 0:02:05]} Bd6 {[%clk 0:23:25]} 70. Ke2 {[%clk
0:02:26]} Bf4 {[%clk 0:23:48]} 71. Nf2 {[%clk 0:02:29]} Ke5 {[%clk 0:23:50]}
72. Nd3+ {[%clk 0:02:53]} Kf6 {[%clk 0:24:06]} 73. Nf2 {[%clk 0:03:08]} Bd6
{[%clk 0:24:07]} 74. Nd3 {[%clk 0:03:28]} Kg6 {[%clk 0:23:33]} 75. Kf2 {[%clk
0:03:52]} Kh5 {[%clk 0:23:45]} 76. Ke2 {[%clk 0:04:12]} g4 {[%clk 0:24:03]} 77.
Ke3 {[%clk 0:04:13]} gxh3 78. Kd4 1/2-1/2

[Event "DEM U18 2022"]
[Site "Willingen GER"]
[Date "2022.06.11"]
[Round "9"]
[White "Geltz, Noah"]
[Black "Bornholdt, Joa Max"]
[Result "1/2-1/2"]
[Termination "normal"]
[Board "8"]
[WhiteElo "2156"]
[BlackElo "2132"]
[WhiteClock "00:35:09"]
[BlackClock "00:26:23"]
[PlyCount "49"]
[WhiteFideId "16224256"]
[BlackFideId "16253477"]
[EventCountry "GER"]
[EventRounds "9"]
[EventType "swiss"]
[EventDate "2022.06.04"]

1. e4 {[%clk 1:30:57]} c6 {[%clk 1:30:35]} 2. Nf3 {[%clk 1:31:10]} d5 {[%clk
1:30:59]} 3. Nc3 {[%clk 1:27:52]} dxe4 {[%clk 1:31:15]} 4. Nxe4 {[%clk
1:28:08]} Nf6 {[%clk 1:31:39]} 5. Qe2 {[%clk 1:27:49]} Na6 {[%clk 1:30:56]} 6.
d3 {[%clk 1:17:45]} Nxe4 {[%clk 1:18:33]} 7. dxe4 {[%clk 1:14:05]} e5 {[%clk
1:18:44]} 8. g3 {[%clk 1:13:18]} Be7 {[%clk 1:17:54]} 9. Bg2 {[%clk 1:12:44]}
O-O {[%clk 1:17:44]} 10. O-O {[%clk 1:12:38]} Qc7 {[%clk 1:17:45]} 11. b3
{[%clk 1:09:05]} Rd8 {[%clk 0:54:54]} 12. Bb2 {[%clk 1:08:01]} Bg4 {[%clk
0:53:22]} 13. h3 {[%clk 1:05:40]} Bxf3 {[%clk 0:53:39]} 14. Bxf3 {[%clk
1:05:55]} Qa5 {[%clk 0:51:36]} 15. Rfd1 {[%clk 1:02:41]} Ba3 {[%clk 0:48:09]}
16. c3 {[%clk 0:51:49]} Bxb2 {[%clk 0:47:27]} 17. Qxb2 {[%clk 0:52:11]} g6
{[%clk 0:41:51]} 18. b4 {[%clk 0:47:00]} Qc7 {[%clk 0:38:06]} 19. Be2 {[%clk
0:47:01]} Rxd1+ {[%clk 0:36:52]} 20. Rxd1 {[%clk 0:47:24]} Rd8 {[%clk 0:37:13]}
21. Rb1 {[%clk 0:39:43]} Qd7 {[%clk 0:33:15]} 22. Qa3 {[%clk 0:38:45]} Qxh3
{[%clk 0:26:43]} 23. Bxa6 {[%clk 0:38:00]} bxa6 {[%clk 0:27:07]} 24. Qxa6
{[%clk 0:37:05]} Qd7 {[%clk 0:26:23]} 25. Qc4 {[%clk 0:35:09]} 1/2-1/2

[Event "DEM U18 2022"]
[Site "Willingen GER"]
[Date "2022.06.11"]
[Round "9"]
[White "Hassemeier, Mika"]
[Black "Haack, Kevin"]
[Result "1/2-1/2"]
[Termination "normal"]
[Board "9"]
[WhiteElo "2177"]
[BlackElo "2176"]
[WhiteClock "00:01:35"]
[BlackClock "00:03:10"]
[PlyCount "203"]
[WhiteFideId "12994880"]
[BlackFideId "16228715"]
[EventCountry "GER"]
[EventRounds "9"]
[EventType "swiss"]
[EventDate "2022.06.04"]

1. e4 {[%clk 1:30:59]} c5 {[%clk 1:29:16]} 2. Nf3 {[%clk 1:31:15]} d6 {[%clk
1:29:35]} 3. d4 {[%clk 1:31:35]} cxd4 {[%clk 1:30:00]} 4. Nxd4 {[%clk 1:31:53]}
Nf6 {[%clk 1:30:20]} 5. Nc3 {[%clk 1:32:14]} a6 {[%clk 1:30:35]} 6. Bc4 {[%clk
1:32:03]} e6 {[%clk 1:29:46]} 7. a3 {[%clk 1:32:14]} Be7 {[%clk 1:25:06]} 8.
Ba2 {[%clk 1:32:16]} O-O {[%clk 1:22:07]} 9. O-O {[%clk 1:32:18]} Qc7 {[%clk
1:13:12]} 10. f4 {[%clk 1:31:15]} Nc6 {[%clk 1:12:11]} 11. Be3 {[%clk 1:28:38]}
Nxd4 {[%clk 1:04:28]} 12. Bxd4 {[%clk 1:28:00]} e5 {[%clk 1:04:12]} 13. Be3
{[%clk 1:20:36]} Be6 {[%clk 1:00:01]} 14. f5 {[%clk 1:14:16]} Bxa2 {[%clk
0:58:20]} 15. Rxa2 {[%clk 1:13:58]} h6 {[%clk 0:56:17]} 16. Qf3 {[%clk
1:00:14]} Bd8 {[%clk 0:42:34]} 17. Raa1 {[%clk 0:47:31]} Qc6 {[%clk 0:39:28]}
18. Rad1 {[%clk 0:43:41]} Bb6 {[%clk 0:37:21]} 19. Nd5 {[%clk 0:40:12]} Nxd5
{[%clk 0:32:19]} 20. Rxd5 {[%clk 0:39:23]} f6 {[%clk 0:30:56]} 21. c3 {[%clk
0:33:28]} Rfd8 {[%clk 0:28:41]} 22. Rfd1 {[%clk 0:31:36]} Rd7 {[%clk 0:26:40]}
23. Kh1 {[%clk 0:23:08]} Bxe3 {[%clk 0:24:47]} 24. Qxe3 {[%clk 0:23:30]} Rad8
{[%clk 0:21:39]} 25. Qd3 {[%clk 0:20:44]} Kf8 {[%clk 0:20:24]} 26. c4 {[%clk
0:19:11]} Ke7 {[%clk 0:18:07]} 27. b4 {[%clk 0:17:06]} Rc8 {[%clk 0:14:46]} 28.
Rc1 {[%clk 0:16:59]} b6 {[%clk 0:11:25]} 29. h3 {[%clk 0:15:36]} Qb7 {[%clk
0:10:34]} 30. Rc3 {[%clk 0:09:13]} Qc6 {[%clk 0:08:37]} 31. Kh2 {[%clk
0:09:04]} Rdc7 {[%clk 0:07:46]} 32. Rc2 {[%clk 0:06:27]} Rd7 {[%clk 0:07:14]}
33. Qb3 {[%clk 0:05:32]} Qb7 {[%clk 0:06:47]} 34. a4 {[%clk 0:05:06]} Rb8
{[%clk 0:06:01]} 35. Rcd2 {[%clk 0:04:16]} Rc8 {[%clk 0:05:46]} 36. Qg3 {[%clk
0:02:33]} Ke8 {[%clk 0:04:42]} 37. Qd3 {[%clk 0:02:33]} Rcd8 {[%clk 0:04:57]}
38. a5 {[%clk 0:01:25]} bxa5 {[%clk 0:04:12]} 39. Rxa5 {[%clk 0:01:28]} Qxb4
{[%clk 0:03:25]} 40. Qd5 {[%clk 0:01:17]} Kf8 {[%clk 0:01:42]} 41. Rxa6 {[%clk
0:29:14]} Qc5 {[%clk 0:27:42]} 42. Qxc5 {[%clk 0:25:18]} dxc5 {[%clk 0:28:07]}
43. Rd5 {[%clk 0:25:33]} Rxd5 {[%clk 0:16:04]} 44. exd5 {[%clk 0:25:18]} Re8
{[%clk 0:14:41]} 45. Rc6 {[%clk 0:20:25]} e4 {[%clk 0:15:04]} 46. Re6 {[%clk
0:14:33]} Rb8 {[%clk 0:10:21]} 47. Rxe4 {[%clk 0:14:48]} Rb3 {[%clk 0:09:31]}
48. Kg1 {[%clk 0:13:51]} Rb2 {[%clk 0:09:32]} 49. Kf1 {[%clk 0:11:27]} Kf7
{[%clk 0:08:58]} 50. Re2 {[%clk 0:07:24]} Rb4 {[%clk 0:07:32]} 51. Re4 {[%clk
0:06:52]} Rb2 {[%clk 0:08:00]} 52. d6 {[%clk 0:03:49]} Rd2 {[%clk 0:06:35]} 53.
Re7+ {[%clk 0:04:14]} Kf8 {[%clk 0:07:05]} 54. Rc7 {[%clk 0:04:20]} Rxd6 {[%clk
0:07:28]} 55. Rxc5 {[%clk 0:04:47]} Ra6 {[%clk 0:07:11]} 56. Rc7 {[%clk
0:04:55]} Ra2 {[%clk 0:07:18]} 57. c5 {[%clk 0:03:20]} h5 {[%clk 0:06:54]} 58.
c6 {[%clk 0:03:01]} Rc2 {[%clk 0:07:21]} 59. Ke1 {[%clk 0:02:36]} h4 {[%clk
0:05:15]} 60. Kd1 {[%clk 0:02:13]} Rc5 {[%clk 0:05:40]} 61. Ke2 {[%clk
0:02:12]} Ke8 {[%clk 0:04:53]} 62. Rxg7 {[%clk 0:01:41]} Rxc6 {[%clk 0:05:11]}
63. Kf3 {[%clk 0:00:57]} Kf8 {[%clk 0:04:08]} 64. Ra7 {[%clk 0:01:12]} Rc3+
{[%clk 0:04:04]} 65. Kf4 {[%clk 0:01:04]} Rc4+ {[%clk 0:04:30]} 66. Kf3 {[%clk
0:01:31]} Rc3+ {[%clk 0:04:58]} 67. Ke4 {[%clk 0:01:02]} Rc2 {[%clk 0:04:53]}
68. Rh7 {[%clk 0:01:04]} Rxg2 {[%clk 0:03:26]} 69. Rxh4 {[%clk 0:01:31]} Rd2
{[%clk 0:03:52]} 70. Rh7 {[%clk 0:01:44]} Kg8 {[%clk 0:03:30]} 71. Ra7 {[%clk
0:02:06]} Rh2 {[%clk 0:03:18]} 72. Ra3 {[%clk 0:01:41]} Re2+ {[%clk 0:03:46]}
73. Kf4 {[%clk 0:02:03]} Rb2 {[%clk 0:04:00]} 74. Kg4 {[%clk 0:02:08]} Rg2+
{[%clk 0:04:21]} 75. Rg3 {[%clk 0:02:13]} Rf2 {[%clk 0:03:53]} 76. Rf3 {[%clk
0:02:09]} Rg2+ {[%clk 0:04:18]} 77. Kf4 {[%clk 0:01:44]} Ra2 {[%clk 0:04:44]}
78. Re3 {[%clk 0:01:44]} Kf7 {[%clk 0:04:28]} 79. h4 {[%clk 0:01:48]} Ra1
{[%clk 0:04:12]} 80. Rf3 {[%clk 0:01:14]} Rg1 {[%clk 0:04:03]} 81. Rg3 {[%clk
0:01:37]} Rf1+ {[%clk 0:03:30]} 82. Kg4 {[%clk 0:02:02]} Ra1 {[%clk 0:03:02]}
83. Rf3 {[%clk 0:02:00]} Rg1+ {[%clk 0:03:22]} 84. Kh5 {[%clk 0:02:08]} Rg8
{[%clk 0:03:02]} 85. Ra3 {[%clk 0:02:27]} Rh8+ {[%clk 0:03:22]} 86. Kg4 {[%clk
0:02:52]} Rg8+ {[%clk 0:03:51]} 87. Kf4 {[%clk 0:03:17]} Rg1 {[%clk 0:03:39]}
88. Ra7+ {[%clk 0:02:56]} Kg8 {[%clk 0:03:41]} 89. Ra3 {[%clk 0:01:45]} Kf7
{[%clk 0:03:49]} 90. Rb3 {[%clk 0:01:45]} Rg2 {[%clk 0:03:35]} 91. Rg3 {[%clk
0:01:34]} Ra2 {[%clk 0:02:32]} 92. Re3 {[%clk 0:01:01]} Rg2 {[%clk 0:02:36]}
93. Re4 {[%clk 0:00:54]} Rg1 {[%clk 0:02:48]} 94. Ra4 {[%clk 0:01:02]} Rg2
{[%clk 0:02:37]} 95. Ra7+ {[%clk 0:00:53]} Kg8 {[%clk 0:03:06]} 96. h5 {[%clk
0:01:17]} Rh2 {[%clk 0:01:48]} 97. Kg4 {[%clk 0:01:21]} Rg2+ {[%clk 0:02:13]}
98. Kf4 {[%clk 0:01:02]} Rh2 {[%clk 0:02:41]} 99. Ra6 {[%clk 0:01:10]} Kf7
{[%clk 0:02:42]} 100. h6 {[%clk 0:01:17]} Rh4+ {[%clk 0:02:48]} 101. Kf3 {[%clk
0:01:35]} Rxh6 {[%clk 0:03:10]} 102. Ke4 1/2-1/2

[Event "DEM U18 2022"]
[Site "Willingen GER"]
[Date "2022.06.11"]
[Round "9"]
[White "Weidemann, Jakob"]
[Black "Chen, Qingzhi Alexander"]
[Result "1-0"]
[Termination "normal"]
[Board "10"]
[WhiteElo "2047"]
[BlackElo "1879"]
[WhiteClock "00:11:39"]
[BlackClock "00:34:01"]
[PlyCount "77"]
[WhiteFideId "16255470"]
[BlackFideId "16241959"]
[EventCountry "GER"]
[EventRounds "9"]
[EventType "swiss"]
[EventDate "2022.06.04"]

1. e4 {[%clk 1:30:57]} c5 {[%clk 1:30:59]} 2. Nf3 {[%clk 1:31:13]} d6 {[%clk
1:31:28]} 3. d4 {[%clk 1:31:28]} cxd4 {[%clk 1:31:56]} 4. Nxd4 {[%clk 1:31:42]}
Nf6 {[%clk 1:32:25]} 5. Nc3 {[%clk 1:31:50]} a6 {[%clk 1:32:54]} 6. Bg5 {[%clk
1:32:06]} e6 {[%clk 1:33:23]} 7. f4 {[%clk 1:32:14]} b5 {[%clk 1:33:51]} 8. e5
{[%clk 1:32:25]} dxe5 {[%clk 1:34:18]} 9. fxe5 {[%clk 1:32:44]} Qc7 {[%clk
1:34:46]} 10. exf6 {[%clk 1:32:57]} Qe5+ {[%clk 1:35:15]} 11. Be2 {[%clk
1:33:11]} Qxg5 {[%clk 1:35:42]} 12. O-O {[%clk 1:33:16]} Ra7 {[%clk 1:36:11]}
13. Qd3 {[%clk 1:29:47]} Rd7 {[%clk 1:36:36]} 14. Ne4 {[%clk 1:25:34]} Qe5
{[%clk 1:36:42]} 15. Nf3 {[%clk 1:25:42]} Qxb2 {[%clk 1:37:09]} 16. Qe3 {[%clk
1:14:12]} Bb7 {[%clk 1:37:35]} 17. c4 {[%clk 0:30:12]} b4 {[%clk 1:21:14]} 18.
Rab1 {[%clk 0:28:30]} Qxa2 {[%clk 1:20:30]} 19. fxg7 {[%clk 0:28:27]} Bxg7
{[%clk 1:20:29]} 20. Rxb4 {[%clk 0:28:02]} Nc6 {[%clk 1:18:16]} 21. Rxb7 {[%clk
0:26:56]} Rxb7 {[%clk 1:07:08]} 22. Nd6+ {[%clk 0:27:16]} Kd7 {[%clk 1:07:35]}
23. Nxb7 {[%clk 0:27:17]} Rb8 {[%clk 1:04:38]} 24. Nc5+ {[%clk 0:23:19]} Ke7
{[%clk 1:01:57]} 25. Rd1 {[%clk 0:21:21]} h6 {[%clk 0:55:57]} 26. Rd7+ {[%clk
0:19:56]} Ke8 {[%clk 0:54:51]} 27. Rxf7 {[%clk 0:15:42]} Rb1+ {[%clk 0:43:09]}
28. Kf2 {[%clk 0:15:48]} Bd4 {[%clk 0:41:22]} 29. Nxd4 {[%clk 0:16:07]} Nxd4
{[%clk 0:41:48]} 30. Qxd4 {[%clk 0:14:21]} Kxf7 {[%clk 0:41:44]} 31. Qd7+
{[%clk 0:14:40]} Kf6 {[%clk 0:41:33]} 32. Qxe6+ {[%clk 0:14:45]} Kg7 {[%clk
0:40:55]} 33. Qe7+ {[%clk 0:13:35]} Kg6 {[%clk 0:37:53]} 34. Kg3 {[%clk
0:12:25]} Rb3+ {[%clk 0:35:39]} 35. Kh4 {[%clk 0:10:40]} h5 {[%clk 0:32:40]}
36. Bxh5+ {[%clk 0:10:52]} Kh6 {[%clk 0:33:04]} 37. Qf6+ {[%clk 0:11:06]} Kh7
{[%clk 0:33:33]} 38. Bg6+ {[%clk 0:11:20]} Kh6 {[%clk 0:34:01]} 39. Bb1# {[%clk
0:11:39]} 1-0

[Event "DEM U18 2022"]
[Site "Willingen GER"]
[Date "2022.06.11"]
[Round "9"]
[White "Orf, Niklas"]
[Black "Dietlmeier, Tobias"]
[Result "1-0"]
[Termination "normal"]
[Board "12"]
[WhiteElo "1797"]
[BlackElo "1886"]
[WhiteClock "00:03:36"]
[BlackClock "00:00:36"]
[PlyCount "75"]
[WhiteFideId "16245571"]
[BlackFideId "16213963"]
[EventCountry "GER"]
[EventRounds "9"]
[EventType "swiss"]
[EventDate "2022.06.04"]

1. e4 {[%clk 1:30:56]} e5 {[%clk 1:30:35]} 2. Nf3 {[%clk 1:31:19]} Nc6 {[%clk
1:30:01]} 3. Bc4 {[%clk 1:31:41]} Bc5 {[%clk 1:29:59]} 4. c3 {[%clk 1:31:55]}
Nf6 {[%clk 1:29:36]} 5. d3 {[%clk 1:31:42]} d6 {[%clk 1:26:20]} 6. Bb3 {[%clk
1:31:34]} h6 {[%clk 1:25:07]} 7. Nbd2 {[%clk 1:31:04]} O-O {[%clk 1:23:38]} 8.
h3 {[%clk 1:29:38]} Be6 {[%clk 1:21:38]} 9. Bc2 {[%clk 1:23:24]} Bb6 {[%clk
1:19:06]} 10. Nf1 {[%clk 1:21:25]} d5 {[%clk 1:14:59]} 11. Qe2 {[%clk 1:21:26]}
Qe7 {[%clk 1:11:54]} 12. g4 {[%clk 1:14:57]} Nd7 {[%clk 1:06:16]} 13. Ng3
{[%clk 1:13:14]} dxe4 {[%clk 1:02:37]} 14. dxe4 {[%clk 1:12:02]} f6 {[%clk
0:57:12]} 15. Nh4 {[%clk 1:06:41]} Rfd8 {[%clk 0:49:33]} 16. Nhf5 {[%clk
1:03:33]} Bxf5 {[%clk 0:44:31]} 17. Nxf5 {[%clk 1:02:55]} Qf8 {[%clk 0:43:20]}
18. h4 {[%clk 0:54:49]} Ne7 {[%clk 0:33:40]} 19. Bd2 {[%clk 0:50:45]} Nc5
{[%clk 0:30:51]} 20. O-O-O {[%clk 0:47:31]} Nxf5 {[%clk 0:25:47]} 21. exf5
{[%clk 0:47:32]} Qf7 {[%clk 0:18:56]} 22. Kb1 {[%clk 0:44:55]} a5 {[%clk
0:18:26]} 23. Be3 {[%clk 0:41:59]} Rxd1+ {[%clk 0:16:23]} 24. Rxd1 {[%clk
0:42:04]} Qe7 {[%clk 0:15:34]} 25. Rd5 {[%clk 0:38:07]} Kh8 {[%clk 0:10:23]}
26. Qb5 {[%clk 0:34:12]} Na6 {[%clk 0:06:41]} 27. Bxb6 {[%clk 0:18:58]} c6
{[%clk 0:03:27]} 28. Rd8+ {[%clk 0:19:20]} Rxd8 {[%clk 0:03:47]} 29. Bxd8
{[%clk 0:19:43]} Qxd8 {[%clk 0:04:11]} 30. Qxb7 {[%clk 0:20:03]} Qd5 {[%clk
0:04:04]} 31. Qa8+ {[%clk 0:20:17]} Kh7 {[%clk 0:04:21]} 32. a4 {[%clk
0:16:48]} Qc4 {[%clk 0:01:23]} 33. f3 {[%clk 0:14:39]} Qf1+ {[%clk 0:00:58]}
34. Ka2 {[%clk 0:15:01]} Nc5 {[%clk 0:00:40]} 35. Qxc6 {[%clk 0:13:41]} Qc4+
{[%clk 0:00:35]} 36. Ka3 {[%clk 0:14:01]} h5 {[%clk 0:00:33]} 37. g5 {[%clk
0:04:15]} Qe2 {[%clk 0:00:36]} 38. g6+ {[%clk 0:03:36]} 1-0

[Event "DEM U18 2022"]
[Site "Willingen GER"]
[Date "2022.06.11"]
[Round "9"]
[White "Mankel, Luca"]
[Black "Wehrle, Maximilian"]
[Result "1/2-1/2"]
[Termination "normal"]
[Board "13"]
[WhiteElo "2010"]
[BlackElo "1786"]
[WhiteClock "00:26:13"]
[BlackClock "00:20:57"]
[PlyCount "98"]
[WhiteFideId "16253876"]
[BlackFideId "65600347"]
[EventCountry "GER"]
[EventRounds "9"]
[EventType "swiss"]
[EventDate "2022.06.04"]

1. e4 {[%clk 1:30:57]} e5 {[%clk 1:28:31]} 2. Nf3 {[%clk 1:31:20]} Nf6 {[%clk
1:28:54]} 3. d4 {[%clk 1:31:46]} exd4 {[%clk 1:24:46]} 4. e5 {[%clk 1:31:58]}
Nd5 {[%clk 1:24:11]} 5. Qxd4 {[%clk 1:31:06]} Nb6 {[%clk 1:22:27]} 6. Bd3
{[%clk 1:28:29]} d5 {[%clk 1:17:54]} 7. exd6 {[%clk 1:28:22]} Qxd6 {[%clk
1:18:16]} 8. O-O {[%clk 1:28:40]} Qxd4 {[%clk 1:18:21]} 9. Nxd4 {[%clk
1:29:07]} c5 {[%clk 1:16:25]} 10. Re1+ {[%clk 1:29:09]} Kd8 {[%clk 1:16:43]}
11. Nf3 {[%clk 1:28:12]} Nc6 {[%clk 1:16:10]} 12. Ng5 {[%clk 1:25:38]} Be6
{[%clk 1:13:53]} 13. Nxe6+ {[%clk 1:24:37]} fxe6 {[%clk 1:14:15]} 14. c3 {[%clk
1:23:39]} Kd7 {[%clk 1:13:29]} 15. Nd2 {[%clk 1:23:16]} Re8 {[%clk 1:08:12]}
16. Nf3 {[%clk 1:21:57]} Bd6 {[%clk 1:07:24]} 17. Bd2 {[%clk 1:20:54]} h6
{[%clk 1:05:41]} 18. Rad1 {[%clk 1:19:32]} Kc7 {[%clk 1:04:39]} 19. Re4 {[%clk
1:16:17]} Rhf8 {[%clk 1:04:07]} 20. Rde1 {[%clk 1:15:57]} Rf6 {[%clk 1:01:19]}
21. Bf1 {[%clk 1:12:32]} a6 {[%clk 0:57:26]} 22. c4 {[%clk 1:08:00]} Kd7 {[%clk
0:55:11]} 23. Bc3 {[%clk 1:08:14]} Rf7 {[%clk 0:55:08]} 24. b3 {[%clk 1:08:16]}
Ree7 {[%clk 0:51:38]} 25. Bd3 {[%clk 1:08:02]} Rf4 {[%clk 0:51:19]} 26. Rxf4
{[%clk 0:57:34]} Bxf4 {[%clk 0:51:39]} 27. g3 {[%clk 0:57:53]} Bd6 {[%clk
0:50:53]} 28. Nd2 {[%clk 0:58:04]} Nd4 {[%clk 0:50:17]} 29. Kg2 {[%clk
0:58:24]} Kc6 {[%clk 0:48:17]} 30. Ne4 {[%clk 0:57:18]} Nd7 {[%clk 0:47:38]}
31. f4 {[%clk 0:54:33]} e5 {[%clk 0:46:56]} 32. Nxd6 {[%clk 0:51:00]} Kxd6
{[%clk 0:47:09]} 33. fxe5+ {[%clk 0:50:23]} Rxe5 {[%clk 0:42:56]} 34. Kf2
{[%clk 0:39:42]} Rxe1 {[%clk 0:40:56]} 35. Kxe1 {[%clk 0:38:00]} Ne5 {[%clk
0:40:03]} 36. Be2 {[%clk 0:38:10]} Nxe2 {[%clk 0:32:46]} 37. Kxe2 {[%clk
0:37:37]} g6 {[%clk 0:32:55]} 38. h3 {[%clk 0:37:51]} h5 {[%clk 0:32:27]} 39.
Ke3 {[%clk 0:38:08]} Ke6 {[%clk 0:31:57]} 40. Ke4 {[%clk 0:37:10]} Nf7 {[%clk
0:31:21]} 41. Kf4 {[%clk 0:33:19]} Nd6 {[%clk 0:24:00]} 42. Ba5 {[%clk
0:29:04]} Nc8 {[%clk 0:20:14]} 43. Kg5 {[%clk 0:28:05]} Kf7 {[%clk 0:20:17]}
44. Bc7 {[%clk 0:28:28]} Kg7 {[%clk 0:19:24]} 45. g4 {[%clk 0:28:22]} hxg4
{[%clk 0:19:34]} 46. hxg4 {[%clk 0:28:45]} Kf7 {[%clk 0:19:56]} 47. Bb8 {[%clk
0:25:41]} Kg7 {[%clk 0:20:08]} 48. Bc7 {[%clk 0:25:51]} Kf7 {[%clk 0:20:33]}
49. Bb8 {[%clk 0:26:13]} Kg7 {[%clk 0:20:57]} 1/2-1/2